000 00223nam a2200097Ia 4500
008 230508s1999 xx 000 0 und d
041 _aeng
100 _aKOCHAN STEPHEN
245 _aPROGRAMMING IN C
260 _bC.B.S.
_c1999
999 _c719173
_d719173